000 00285nam a22001217a 4500
008 181101b xxu||||| |||| 00| 0 eng d
041 _aeng
080 _a101
100 _a370
101 _aEDU
245 _aThe Democartic Philosophy Of Education
_cHareell.H
942 _2udc
_cBK
999 _c51491
_d51491